[Event "New Delhi Parsvnath op-C 16th"]
[Site "New Delhi"]
[Date "2018.01.14"]
[Round "3"]
[White "Arshin, Sikka"]
[Black "Vijayaragavan, AR."]
[Result "1-0"]
[WhiteElo "1593"]
[BlackElo "1448"]
[PlyCount "121"]
[EventDate "2018.01.09"]
[EventType "swiss"]
[EventRounds "10"]
[EventCountry "IND"]
[SourceTitle "CBM 182 Extra"]
[Source "ChessBase"]
[SourceDate "2018.02.23"]
[SourceVersion "1"]
[SourceVersionDate "2018.02.23"]
[SourceQuality "1"]

1. e4 e5 2. Nf3 Nc6 3. Bb5 Nf6 4. 0-0 Nxe4 5. d4 a6 6. Bxc6 dxc6 7. Nxe5 Be7 8. Re1 Nf6 9. c3 0-0 10. h3 h6 11. Bf4 Be6 12. Nd2 Nd5 13. Bg3 Bg5 14. Ne4 Bf4 15. Qf3 Bxe5 16. dxe5 Qe7 17. Bf4 Nxf4 18. Qxf4 Kh7 19. Re3 Rad8 20. Rg3 Bd5 21. Nf6+ Kh8 22. Rxg7 Kxg7 23. Qg4+ Kh8 24. Qf5 Qxf6 25. Qxf6+ Kh7 26. f3 Rg8 27. a3 Rde8 28. Qf5+ Kh8 29. Re1 Be6 30. Qf4 Kh7 31. Kh2 Rg5 32. Qb4 Reg8 33. Re2 Rb8 34. Qe7 Rgg8 35. Qxc7 Rgc8 36. Qb6 Rg8 37. Rd2 Rg5 38. Qc7 Rgg8 39. Qd6 Rge8 40. Qd3+ Kh8 41. c4 b5 42. cxb5 axb5 43. Qc3 Rbc8 44. Rd6 c5 45. Rb6 b4 46. axb4 cxb4 47. Qe3 Kg7 48. Rxb4 Rc2 49. Rh4 Rh8 50. Qf4 Rxb2 51. Qf6+ Kg8 52. Rxh6 Rxh6 53. Qxh6 Ra2 54. Qg5+ Kh7 55. h4 Bd5 56. Kg3 Ra6 57. Qf5+ Kg7 58. h5 Rc6 59. Kh4 Be6 60. Qf6+ Kh7 61. h6 1-0